000 00900nam a22002417a 4500
001 BRCA_9432
003 FranzMayer
005 20230918130825.0
008 230906b |||||||| |||| 00| 0 eng d
020 _a9685011303
040 _aMFM
_bESPAÑOL
_cMFM
050 0 _aNA190
_bM87 2003
110 1 _4Responsable
_aMuseo de historia mexicana
_929705
240 _aMonterrey a principios del Siglo XX
_hLa arquitectura de Alfred Giles
_lEspañol
245 0 _aMonterrey a principios del Siglo XX
_bLa arquitectura de Alfred Giles
260 _aMonterrey, México
_bMuseo de historia mexicana
_c2003
300 _a190 p
_bIlustraciones a color
_c34 cm
500 _aAnexo 1
505 _aTexto en: españolIncluye índiceDirigido a: arquitectos
650 1 _2Arquitectura
_aHistoria de la arquitectura
_vSiglo XX
_929706
651 2 _2México
_aMonterrey
_vGiles, Alfred
_929707
942 _2lcc
_cB
999 _c11054
_d11054